000 00904nam a2200253Ia 4500
003 OSt
005 20220923225219.0
006 a|||||r|||| 00| 0
007 ta
008 220922b |||||||| |||| 00| 0 hin d
024 _a260,381
037 _cTextual
040 _aARTS
_cARTS
_bhin
041 _2hin
_ahin
082 _aV2:25xM69:g, 152K8
100 _aकिशोर लाल; आनंद वर्धन, अनु.
_9168500
245 0 _aगांधी विचार दोहन
246 _aGāandhī vichār dohana
260 _aनई दिल्ली
_b सस्ता साहित्य मण्डल प्र0
_c1968
300 _a188पृ.
_ccm.
650 _aविश्व-इतिहास
942 _hV2:25xM69:g, 152K8
_cTEXL
_2CC
999 _c376751
_d376751